Čím se zabývá pracovní skupina pro malé a střední podnikání zemí střední a východní Evropy

Formy praktickej spolupráce krajín združených v Stredoeurópskej iniciatíve (SEI). Spolupráca uskutočňovaná tematicky rôzne zameranými skupinami. Vznik a vývoj SEI a základné mechanizmy spolupráce. Pracovná skupina pre malé a stredné podnikanie. Vytváranie podporného systému na dosiahnutie rovnováhy...

Descrizione completa

Salvato in:
Dettagli Bibliografici
Autore principale: Navrátil, J.
Natura: Capitolo di libro
Lingua:ceco
Soggetti:
Tags: Aggiungi Tag
Nessun Tag, puoi essere il primo ad aggiungerne!!

MARC

LEADER 00000naa a2200000 4500
001 r018710
005 20221208131113.2
041 0 |a cze 
044 |a CZ 
245 1 0 |a Čím se zabývá pracovní skupina pro malé a střední podnikání zemí střední a východní Evropy  |c J. Navrátil 
520 |a Formy praktickej spolupráce krajín združených v Stredoeurópskej iniciatíve (SEI). Spolupráca uskutočňovaná tematicky rôzne zameranými skupinami. Vznik a vývoj SEI a základné mechanizmy spolupráce. Pracovná skupina pre malé a stredné podnikanie. Vytváranie podporného systému na dosiahnutie rovnováhy sektoru MSP. Jednotlivé časti, ktoré by mal zahrňovať: 1. Zákonné podmienky. 2. Finančné podmienky. 3. Profesijné služby a organizácie, ktoré ich zaisťujú. 4. Informačný systém. Vymedzenie konkrétnych spoločných činností pracovných skupín pre MSP v krajinách SEI. 
610 2 0 |a SEI 
610 2 0 |a 1994 
610 2 0 |a spolupráca hospodárska medzinárodná 
610 2 0 |a zoskupenia integračné medzinárodné 
610 2 0 |a skupiny pracovné 
610 2 0 |a podnikanie 
610 2 0 |a podnik malý 
610 2 0 |a podnik stredný 
610 2 0 |a podpora podnikania 
610 2 0 |a programy rozvojové 
100 1 |a Navrátil, J.